00000000nam##2200000za#4500
0019.569433
003CaOODSP
00520210624181751
007cr |||||||||||
008150406|1999||||xxc|||||o    f|0| 0 eng|d
040 |aCaOODSP|beng
043 |an-cn---
0861 |aNH18-1/93-1999E-PDF
1102 |aCanada Mortgage and Housing Corporation.
24510|aOn-site exterior wall monitoring methods for air leakage, condensation and rain penetration control problems / |h[electronic resource]|cdeveloped by Rick Quirouette.
260 |aOttawa - Ontario : |bCanada Mortgage and Housing Corporation |c1999.
300 |a45p.|bfigs., graphs
4901 |aResearch report
500 |aAt head of title: Draft.
590 |a11-06-Supp|b2011-04-14
7201 |aQuirouette, Richard
830#0|aResearch report (Canada Mortgage and Housing Corporation : Online)|w(CaOODSP)9.506068
85640|ahttp://publications.gc.ca|qPDF|s1.75 MB|uhttps://publications.gc.ca/collections/collection_2011/schl-cmhc/nh18-1/NH18-1-93-1999-eng.pdf